[Event "4NCL/Div1/BET1-NWE1"]
[Site "Birmingham ENG"]
[Date "2006.03.04"]
[Round "7.1"]
[White "Ledger, Andrew J"]
[Black "Morrison, Graham"]
[Result "1-0"]
[WhiteElo "2430"]
[BlackElo "2326"]
[PlyCount "67"]
[EventDate "2006.03.04"]
[SourceDate "2006.03.04"]

1. e4 c5 2. c3 d5 3. exd5 Qxd5 4. d4 e6 5. Nf3 Nf6 6. Be3 cxd4 7. cxd4 Bb4+ 8.
Nc3 O-O 9. Bd3 b6 10. O-O Bxc3 11. bxc3 Ba6 12. Bxa6 Nxa6 13. Qd3 Nc5 14. Qe2
Ncd7 15. c4 Qc6 16. Rfc1 Qa4 17. Qb2 Rac8 18. Qb3 Qa6 19. a4 Rc6 20. a5 Qb7 21.
Ra4 Qc7 22. Rca1 Rc8 23. axb6 axb6 24. Ra7 Qd6 25. Ra8 Qf8 26. R8a4 h6 27. h3
Ne4 28. Ra7 Qd8 29. R1a4 R6c7 30. Rxc7 Qxc7 31. Qa3 Qc6 32. Ra7 Nd6 {(=)} 33.
d5 exd5 34. cxd5 1-0

[Event "4NCL/Div1/BET1-NWE1"]
[Site "Birmingham ENG"]
[Date "2006.03.04"]
[Round "7.2"]
[White "Hague, Ben"]
[Black "Ansell, Simon T"]
[Result "1/2-1/2"]
[WhiteElo "2300"]
[BlackElo "2383"]
[PlyCount "45"]
[EventDate "2006.03.04"]
[SourceDate "2006.03.04"]

1. e4 e5 2. f4 exf4 3. Nf3 d5 4. exd5 Nf6 5. Bc4 Nxd5 6. Bxd5 Qxd5 7. O-O Be7
8. d4 O-O 9. Bxf4 c6 10. Nc3 Qd8 11. Qd3 Be6 12. Ne4 Bf5 13. Rae1 Nd7 14. Nf6+
Bxf6 15. Qxf5 g6 16. Qh3 Re8 17. Ng5 Nf8 18. Nxf7 Qxd4+ 19. Be3 Rxe3 20. Rxe3
Re8 21. Rxf6 Qxe3+ 22. Qxe3 Rxe3 23. Nd6 1/2-1/2

[Event "4NCL/Div1/BET1-NWE1"]
[Site "Birmingham ENG"]
[Date "2006.03.04"]
[Round "7.3"]
[White "Webb, Laurence E"]
[Black "Van der Linden, Lucas"]
[Result "1-0"]
[WhiteElo "2336"]
[BlackElo "2281"]
[PlyCount "81"]
[EventDate "2006.03.04"]
[SourceDate "2006.03.04"]

1. e4 c5 2. Nf3 Nc6 3. Bb5 g6 4. O-O Bg7 5. Re1 e5 6. Nc3 Nge7 7. d3 h6 8. Bc4
O-O 9. Nd5 d6 10. c3 Kh8 11. Rb1 Rb8 12. b4 b5 13. Nxe7 Qxe7 14. Bd5 Bd7 15.
Be3 cxb4 16. cxb4 f5 17. d4 f4 18. Bc1 Nxd4 19. Nxd4 exd4 20. Bb2 Qe5 21. Qf3
Qg5 22. h3 Be5 23. Red1 Qf6 24. Rbc1 Rbc8 25. Rxc8 Rxc8 26. Qd3 f3 27. Qxf3
Qxf3 28. gxf3 Rc3 29. f4 Bxf4 30. Rxd4 Rc8 31. Bb7 Rd8 32. Rxd6+ Kh7 33. e5 Bg5
34. Be4 Be8 35. Ra6 Rd7 36. e6 Re7 37. Bd4 h5 38. Bxa7 Bf4 39. Bc5 Rg7 40. Ra8
Rg8 41. Bd5 1-0

[Event "4NCL/Div1/BET1-NWE1"]
[Site "Birmingham ENG"]
[Date "2006.03.04"]
[Round "7.4"]
[White "Carleton, John J"]
[Black "Duncan, Christopher R"]
[Result "1-0"]
[WhiteElo "2284"]
[BlackElo "2332"]
[PlyCount "181"]
[EventDate "2006.03.04"]
[SourceDate "2006.03.04"]

1. d4 d5 2. c4 dxc4 3. Nf3 Nf6 4. e3 e6 5. Bxc4 c5 6. O-O a6 7. dxc5 Qxd1 8.
Rxd1 Bxc5 9. a3 b5 10. Bd3 Nbd7 11. b4 Be7 12. Bb2 Bb7 13. Nbd2 O-O 14. Nb3 Bd5
15. Na5 Nb6 16. Ne5 Rfc8 17. Rac1 Bd6 18. f3 Rxc1 19. Rxc1 Rc8 20. Rxc8+ Nxc8
21. e4 Ba2 22. Nb7 Bxe5 23. Bxe5 Nd7 24. Bc7 Kf8 25. Kf2 Ke7 26. Ke3 e5 27. g3
f6 28. f4 Na7 29. Bd6+ Ke8 30. Bf1 Be6 31. Na5 Kd8 32. Nb7+ Ke8 33. Nc5 Nxc5
34. Bxc5 Nc6 35. h4 g6 36. Be2 Kd7 37. Bd1 f5 38. Bf3 fxe4 39. Bxe4 Bf5 40. Bf3
Bc2 41. g4 Bb3 42. f5 gxf5 43. gxf5 a5 44. Be2 axb4 45. axb4 Ba4 46. Bg4 Bb3
47. f6+ Ke8 48. Bf3 Kd7 49. Be4 h5 50. Bg6 Nd8 51. Bxh5 Ke6 52. Be7 Nc6 53. Be2
Nxe7 54. fxe7 Kxe7 55. Bxb5 Ke6 56. Bd3 Ba4 57. h5 Bc6 58. h6 Kf6 59. Be4 Bb5
60. Kf3 Ba4 61. Kg4 Bd7+ 62. Kh4 Bb5 63. h7 Kg7 64. Kg5 Bd7 65. Bg6 Bb5 66. Be4
Bd7 67. Bd3 Be8 68. Kg4 Bd7+ 69. Kf3 Bc6+ 70. Ke3 Kh8 71. Bg6 Kg7 72. Kd3 Kh8
73. Kc4 Kg7 74. Kc5 Bb7 75. b5 Kh8 76. Kc4 Kg7 77. Kd3 Bg2 78. Ke3 Bd5 79. Be4
Bc4 80. b6 Ba6 81. Kd2 Kh8 82. Kc3 Kg7 83. Kb4 Kh8 84. Kc5 Kg7 85. Kd6 Kh8 86.
Kxe5 Kg7 87. Kd6 Kh8 88. Kc7 Kg7 89. Kb8 Kh8 90. Ka7 Bc8 91. Bf5 1-0

[Event "4NCL/Div1/BET1-NWE1"]
[Site "Birmingham ENG"]
[Date "2006.03.04"]
[Round "7.5"]
[White "Eames, Robert G"]
[Black "Littlewood, John E"]
[Result "0-1"]
[WhiteElo "2320"]
[BlackElo "2275"]
[PlyCount "90"]
[EventDate "2006.03.04"]
[SourceDate "2006.03.04"]

1. e4 e5 2. Nf3 d6 3. d4 exd4 4. Qxd4 Nf6 5. Nc3 Be7 6. Bf4 O-O 7. O-O-O Nbd7
8. h3 Nc5 9. Bh2 Re8 10. Bc4 Be6 11. Rhe1 Nfd7 12. Nd5 Bf8 13. g4 c6 14. Nc3
Bxc4 15. Qxc4 b5 16. Qd4 b4 17. Qxb4 Qf6 18. Re3 Ne5 19. g5 Qg6 20. Bxe5 dxe5
21. Qc4 Qh5 22. h4 Rab8 23. a3 Qg4 24. Rg1 Qc8 25. h5 g6 26. Nh4 Qb7 27. b4 Ne6
28. Nf5 a5 29. Nh6+ Bxh6 30. gxh6 axb4 31. hxg6 hxg6 32. axb4 Qxb4 33. Qxb4
Rxb4 34. Ne2 Rd8 35. f3 Ra4 36. Kb2 Nc5 37. Nc1 Rc4 38. Nd3 Rb8+ 39. Kc1 Nb3+
40. Kd1 Nd4 41. Ne1 Rb1+ 42. Kd2 Nxc2 43. Rd3 Nd4 44. Ra3 Rcc1 45. Rh1 Rd1+ 0-1

[Event "4NCL/Div1/BET1-NWE1"]
[Site "Birmingham ENG"]
[Date "2006.03.04"]
[Round "7.6"]
[White "Kennaugh, Charles W"]
[Black "Ledger, David J"]
[Result "1-0"]
[WhiteElo "2274"]
[BlackElo "2247"]
[PlyCount "67"]
[EventDate "2006.03.04"]
[SourceDate "2006.03.04"]

1. e4 e5 2. f4 exf4 3. Nf3 d6 4. Bc4 h6 5. h4 Nf6 6. Nc3 Bg4 7. d4 Nh5 8. Ne5
dxe5 9. Qxg4 Nf6 10. Qf5 Nc6 11. dxe5 Nd4 12. Qxf4 Nxc2+ 13. Ke2 Qd4 14. Bb5+
c6 15. Rd1 Qc5 16. exf6 cxb5 17. Rd5 Qc4+ 18. Kd1 Nd4 19. b3 Qd3+ 20. Bd2 Qc2+
21. Ke1 Ne6 22. Qf1 a6 23. Rc1 Qb2 24. Rxb5 Bd6 25. fxg7 Rg8 26. Rd5 Bg3+ 27.
Kd1 Rxg7 28. Qc4 Qa3 29. Bxh6 Rh7 30. Bg5 Nxg5 31. Rxg5 Kf8 32. Nd5 Bxh4 33.
Qc8+ Rxc8 34. Rxc8# 1-0

[Event "4NCL/Div1/BET1-NWE1"]
[Site "Birmingham ENG"]
[Date "2006.03.04"]
[Round "7.7"]
[White "Ledger, Stephen C"]
[Black "Lund, D Brett"]
[Result "0-1"]
[WhiteElo "2175"]
[BlackElo "2247"]
[PlyCount "50"]
[EventDate "2006.03.04"]
[SourceDate "2006.03.04"]

1. d4 d6 2. Nf3 Bg4 3. Bf4 Bxf3 4. exf3 Nd7 5. Bd3 g6 6. O-O Bg7 7. c3 Ngf6 8.
Re1 O-O 9. Nd2 c5 10. Be3 Nd5 11. Qb3 Nxe3 12. fxe3 Qc7 13. Be4 Rab8 14. a4 e6
15. Rad1 d5 16. Bc2 Rfc8 17. Nf1 cxd4 18. exd4 b5 19. axb5 a6 20. Bd3 axb5 21.
Rc1 b4 22. Qc2 bxc3 23. bxc3 Qa5 24. Qd2 Rb3 25. Ra1 Qxc3 0-1

[Event "4NCL/Div1/BET1-NWE1"]
[Site "Birmingham ENG"]
[Date "2006.03.04"]
[Round "7.8"]
[White "Milligan Scott, Helen"]
[Black "Tidman, Sophie E"]
[Result "1-0"]
[WhiteElo "2045"]
[BlackElo "2106"]
[PlyCount "81"]
[EventDate "2006.03.04"]
[SourceDate "2006.03.04"]

1. e4 e6 2. d4 d5 3. Nc3 Bb4 4. e5 c5 5. a3 Bxc3+ 6. bxc3 Qc7 7. Qg4 f5 8. Qg3
cxd4 9. cxd4 Ne7 10. Bd2 O-O 11. Bd3 b6 12. Ne2 Ba6 13. Nf4 Qd7 14. O-O Bxd3
15. Qxd3 Rc8 16. Rab1 Rc4 17. Rb4 b5 18. Rxc4 bxc4 19. Qc3 Nbc6 20. Rb1 Nc8 21.
Qe3 Nb6 22. Bb4 Na4 23. Bd6 Rc8 24. h3 Na5 25. Qg3 c3 26. Rb4 Nb6 27. Ne2 Nbc4
28. Nxc3 Nc6 29. Rb1 Nxd4 30. Qd3 Nc6 31. Re1 Nxd6 32. exd6 Qxd6 33. Nb5 Qd7
34. f4 a6 35. Nc3 Qa7+ 36. Kh1 Nd4 37. Re5 Qc5 38. Ne2 Nxc2 39. Rxe6 Qf2 40.
Qxd5 Kh8 41. Rc6 1-0

[Event "4NCL/Div1/GUI2-SSS1"]
[Site "Birmingham ENG"]
[Date "2006.03.04"]
[Round "7.1"]
[White "Plaskett, Jim"]
[Black "Navara, David"]
[Result "0-1"]
[WhiteElo "2485"]
[BlackElo "2660"]
[PlyCount "64"]
[EventDate "2006.03.04"]
[SourceDate "2006.03.04"]

1. e4 c5 2. Nf3 e6 3. b3 Nc6 4. Bb2 d5 5. Bb5 Nge7 6. exd5 exd5 7. Qe2 Be6 8.
Ne5 Qc7 9. Na3 a6 10. Bxc6+ Nxc6 11. Nxc6 Qxc6 12. O-O O-O-O 13. Rae1 h5 14. d3
h4 15. Nb1 d4 16. f4 Bd6 17. Nd2 Qc7 18. Qf3 g5 19. fxg5 Bxh2+ 20. Kh1 Bg3 21.
Rxe6 fxe6 22. Ne4 Qe7 23. Nf6 Rdf8 24. b4 Be5 25. bxc5 Qxc5 26. Qh3 Bxf6 27.
Qxe6+ Kb8 28. gxf6 h3 29. gxh3 Qxc2 30. Ba3 Qxd3 31. Bxf8 Qxf1+ 32. Kh2 Qf4+
0-1

[Event "4NCL/Div1/GUI2-SSS1"]
[Site "Birmingham ENG"]
[Date "2006.03.04"]
[Round "7.2"]
[White "Pert, Nicholas"]
[Black "Collas, Didier"]
[Result "1-0"]
[WhiteElo "2500"]
[BlackElo "2443"]
[PlyCount "61"]
[EventDate "2006.03.04"]
[SourceDate "2006.03.04"]

1. d4 Nf6 2. Nf3 d5 3. c4 e6 4. Nc3 c6 5. Bg5 dxc4 6. e4 b5 7. e5 h6 8. Bh4 g5
9. Bg3 Nh5 10. Be2 Nxg3 11. hxg3 a6 12. Ne4 Bb4+ 13. Kf1 Kd7 14. b3 cxb3 15.
Qxb3 a5 16. Rc1 Ba6 17. Nf6+ Kc8 18. d5 exd5 19. Nxd5 a4 20. Qxb4 Qxd5 21. Nxg5
Ra7 22. Ne4 Kb7 23. Bf3 Qxa2 24. Nc5+ Ka8 25. Kg1 h5 26. Rh4 a3 27. Nxa6 Rxa6
28. Qxb5 Ka7 29. Bxc6 Qb2 30. Qc5+ Rb6 31. Qe7+ 1-0

[Event "4NCL/Div1/GUI2-SSS1"]
[Site "Birmingham ENG"]
[Date "2006.03.04"]
[Round "7.3"]
[White "Shaw, John K"]
[Black "Le Roux, Jean Pierre"]
[Result "1/2-1/2"]
[WhiteElo "2432"]
[BlackElo "2497"]
[PlyCount "123"]
[EventDate "2006.03.04"]
[SourceDate "2006.03.04"]

1. e4 c5 2. b3 d6 3. Bb2 Nf6 4. Bb5+ Nc6 5. e5 dxe5 6. Bxc6+ bxc6 7. Bxe5 Nd5
8. Ne2 f6 9. Bb2 e5 10. d3 Be7 11. Nd2 O-O 12. Nc4 Qe8 13. O-O Qg6 14. Kh1 Be6
15. f4 Bg4 16. Qd2 Qh6 17. Rae1 Rae8 18. Bc1 exf4 19. Nxf4 Bd8 20. Nxd5 cxd5
21. Qxh6 gxh6 22. Nd6 Rxe1 23. Rxe1 Bc7 24. Nb7 Be5 25. h3 Bh5 26. Nxc5 Rc8 27.
Ba3 Bg3 28. Rf1 Kf7 29. b4 Re8 30. Bb2 Re2 31. Bxf6 Re1 32. Rxe1 Bxe1 33. Bd4
Bxb4 34. Na6 Bd6 35. g4 Bg6 36. Bxa7 h5 37. Bb8 Ba3 38. Bf4 hxg4 39. hxg4 h5
40. g5 Ke6 41. Nc7+ Kf5 42. Nxd5 Kg4 43. Bd2 h4 44. Bb4 Bb2 45. Ne7 Bh5 46. g6
Be5 47. Bd6 Bxd6 48. g7 Bf7 49. g8=Q+ Bxg8 50. Nxg8 Kg5 51. a4 Bb4 52. Kg2 Kg6
53. c3 Bxc3 54. Ne7+ Kf7 55. Nd5 Bd2 56. Kh2 Ke6 57. Nb6 Be1 58. Nc4 Kd5 59.
Ne3+ Kc5 60. Ng2 Bf2 61. Nxh4 Kd4 62. Ng2 1/2-1/2

[Event "4NCL/Div1/GUI2-SSS1"]
[Site "Birmingham ENG"]
[Date "2006.03.04"]
[Round "7.5"]
[White "Buckley, Graeme N"]
[Black "McNab, Colin A"]
[Result "0-1"]
[WhiteElo "2398"]
[BlackElo "2456"]
[PlyCount "92"]
[EventDate "2006.03.04"]
[SourceDate "2006.03.04"]

1. d4 d6 2. Nf3 g6 3. c4 Bg7 4. Nc3 Nd7 5. e4 e5 6. Be2 Ngf6 7. O-O O-O 8. Re1
c6 9. Bf1 Qe7 10. Rb1 a5 11. b3 exd4 12. Nxd4 Ng4 13. Qxg4 Bxd4 14. Qg3 Nc5 15.
Bh6 Re8 16. Rbd1 Be5 17. f4 Bf6 18. Bg5 Bxg5 19. fxg5 Qe5 20. Rxd6 Qxg3 21.
hxg3 Bf5 22. Bd3 Re5 23. Kf2 Rae8 24. Kf3 Bc8 25. Kf4 R5e6 26. Rd4 R6e7 27. Rd6
Ne6+ 28. Rxe6 Bxe6 29. e5 Rd8 30. Be2 Rd4+ 31. Ke3 c5 32. Bf3 Kg7 33. Re2 h6
34. gxh6+ Kxh6 35. Na4 Bc8 36. Nxc5 Rd8 37. Nd3 Bf5 38. Be4 f6 39. g4 Bxe4 40.
Kxe4 Kg5 41. c5 fxe5 42. c6 bxc6 43. Rc2 Rd4+ 44. Ke3 Rxg4 45. a4 Rb7 46. Nxe5
Re7 0-1

[Event "4NCL/Div1/GUI2-SSS1"]
[Site "Birmingham ENG"]
[Date "2006.03.04"]
[Round "7.6"]
[White "Gourlay, Ian"]
[Black "Povah, Nigel E"]
[Result "1-0"]
[WhiteElo "2363"]
[BlackElo "2353"]
[PlyCount "83"]
[EventDate "2006.03.04"]
[SourceDate "2006.03.04"]

1. Nf3 Nf6 2. g3 b6 3. Bg2 Bb7 4. c4 c5 5. O-O e6 6. Nc3 Be7 7. d4 cxd4 8. Qxd4
d6 9. Rd1 a6 10. b3 Nbd7 11. e4 Qb8 12. Qe3 O-O 13. Nd4 Re8 14. h3 Bf8 15. Re1
g6 16. Bb2 Qc7 17. Kh1 Rad8 18. f4 Bh6 19. Qf2 Nc5 20. Rad1 Nh5 21. b4 Nd7 22.
Rc1 Bg7 23. Bf3 Nxg3+ 24. Kh2 e5 25. Nd5 Qb8 26. Kxg3 Bxd5 27. cxd5 exd4 28.
Bxd4 Bxd4 29. Qxd4 Rc8 30. Bg4 Rxc1 31. Rxc1 Qd8 32. Bxd7 Qxd7 33. Rc6 b5 34.
Rxa6 Rc8 35. Ra7 Qe8 36. Qf6 Rc2 37. Re7 Qf8 38. Rd7 Rc8 39. Rxd6 Qh6 40. Rd8+
Rxd8 41. Qxd8+ Kg7 42. Qg5 1-0

[Event "4NCL/Div1/GUI2-SSS1"]
[Site "Birmingham ENG"]
[Date "2006.03.04"]
[Round "7.7"]
[White "Lalic, Susan K"]
[Black "Martyn, Rafe"]
[Result "1-0"]
[WhiteElo "2356"]
[BlackElo "2323"]
[PlyCount "57"]
[EventDate "2006.03.04"]
[SourceDate "2006.03.04"]

1. e4 c6 2. d4 d5 3. exd5 cxd5 4. c4 Nf6 5. Nc3 Nc6 6. Nf3 Bg4 7. cxd5 Nxd5 8.
Qb3 Bxf3 9. gxf3 Nb6 10. Be3 e6 11. O-O-O Be7 12. d5 exd5 13. Nxd5 Nxd5 14.
Rxd5 Qc7 15. Kb1 O-O 16. f4 Rad8 17. Bg2 Rxd5 18. Bxd5 Bf6 19. Rd1 g6 20. h4
Qd7 21. Be4 Qe7 22. Bf3 Bxh4 23. f5 Bg5 24. fxg6 hxg6 25. Bxg5 Qxg5 26. a3 Qf4
27. Qc3 Rd8 28. Re1 Qd2 29. Re8+ 1-0

[Event "4NCL/Div1/GUI2-SSS1"]
[Site "Birmingham ENG"]
[Date "2006.03.04"]
[Round "7.8"]
[White "Ignacz, Maria"]
[Black "Yurenok, Maria S"]
[Result "1-0"]
[WhiteElo "2238"]
[BlackElo "2072"]
[PlyCount "64"]
[EventDate "2006.03.04"]
[SourceDate "2006.03.04"]

1. d4 d5 2. c4 c6 3. Nf3 Nf6 4. e3 Bf5 5. Nc3 e6 6. Bd3 Bxd3 7. Qxd3 Bd6 8. O-O
Nbd7 9. e4 dxe4 10. Nxe4 Nxe4 11. Qxe4 O-O 12. Bg5 Be7 13. Bf4 Nf6 14. Qe2 Qb6
15. Rfd1 Rfe8 16. Rd3 c5 17. Rb3 Qc6 18. Ne5 Qc8 19. Qf3 b6 20. Rd1 cxd4 21.
Rxd4 Bc5 22. Rd1 Rd8 23. Rxd8+ Qxd8 24. Bg5 h6 25. Bxf6 gxf6 26. Ng4 f5 27.
Nf6+ Kg7 28. Nh5+ Kf8 29. Rd3 Qc8 30. Qf4 Ke7 31. Qh4+ Kf8 32. Qf6 a5 1-0

[Event "4NCL/Div1/HKF1-WGR2"]
[Site "Birmingham ENG"]
[Date "2006.03.04"]
[Round "7.1"]
[White "Miton, Kamil"]
[Black "Lalic, Bogdan"]
[Result "1/2-1/2"]
[WhiteElo "2646"]
[BlackElo "2488"]
[PlyCount "44"]
[EventDate "2006.03.04"]
[SourceDate "2006.03.04"]

1. d4 Nf6 2. c4 e6 3. Nf3 b6 4. a3 Ba6 5. Qc2 Bb7 6. Nc3 c5 7. e4 cxd4 8. Nxd4
Bc5 9. Nb3 Nc6 10. Bg5 Nd4 11. Nxd4 Bxd4 12. Bd3 Qb8 13. Ne2 Bc5 14. Bf4 Bd6
15. Bd2 Ng4 16. h3 Ne5 17. f4 Nxd3+ 18. Qxd3 O-O 19. O-O Qc7 20. Bb4 Bc5+ 21.
Kh2 Ba6 22. b3 d5 1/2-1/2

[Event "4NCL/Div1/HKF1-WGR2"]
[Site "Birmingham ENG"]
[Date "2006.03.04"]
[Round "7.2"]
[White "Arakhamia Grant, Ketevan E"]
[Black "Wells, Peter K"]
[Result "1-0"]
[WhiteElo "2426"]
[BlackElo "2501"]
[PlyCount "83"]
[EventDate "2006.03.04"]
[SourceDate "2006.03.04"]

1. e4 c5 2. Nf3 Nc6 3. d4 cxd4 4. Nxd4 Nf6 5. Nc3 d6 6. Bg5 e6 7. Qd2 Be7 8.
O-O-O O-O 9. f4 Nxd4 10. Qxd4 Qa5 11. Bc4 Bd7 12. e5 dxe5 13. fxe5 Bc6 14. Bd2
Nd7 15. Nd5 Qd8 16. Nxe7+ Qxe7 17. Rhe1 Rfd8 18. Qg4 Nf8 19. Bd3 Rxd3 20. cxd3
Ng6 21. Bb4 Qd8 22. g3 Qd5 23. Qc4 Qf3 24. Bd6 Rc8 25. Kb1 Qf2 26. Rf1 Qxh2 27.
Rxf7 Bd7 28. Rdf1 h5 29. Qb3 Qg2 30. a3 a5 31. Qd1 Bb5 32. a4 Ba6 33. R7f3 b6
34. Qb3 Kh7 35. Qd1 Kg8 36. Ka1 Bb7 37. R3f2 Qxg3 38. Qxh5 Qxd3 39. Rg1 Bd5 40.
Rh2 Rc4 41. Qh7+ Kf7 42. Rf2+ 1-0

[Event "4NCL/Div1/HKF1-WGR2"]
[Site "Birmingham ENG"]
[Date "2006.03.04"]
[Round "7.3"]
[White "Arkell, Keith C"]
[Black "Turner, Matthew J"]
[Result "0-1"]
[WhiteElo "2475"]
[BlackElo "2495"]
[PlyCount "130"]
[EventDate "2006.03.04"]
[SourceDate "2006.03.04"]

1. d4 Nf6 2. Nf3 e6 3. c4 b6 4. g3 Ba6 5. b3 Bb4+ 6. Bd2 Be7 7. Bc3 d5 8. Nbd2
c5 9. Bg2 Nc6 10. O-O Rc8 11. e3 O-O 12. Re1 cxd4 13. exd4 Bb4 14. Bxb4 Nxb4
15. Ne5 Nc6 16. Nxc6 Rxc6 17. a4 Rc8 18. Rc1 Qd6 19. a5 dxc4 20. axb6 axb6 21.
bxc4 Qxd4 22. Qa4 Qxd2 23. Qxa6 Ng4 24. Qxb6 Rxc4 25. Rcd1 Qb4 26. Qxb4 Rxb4
27. Bf3 Nf6 28. h4 g6 29. Rc1 Rd8 30. Rc7 Rd3 31. Kg2 Rbb3 32. Be4 Rd2 33. Bf3
Rbb2 34. Rf1 e5 35. Rc4 Kg7 36. Kg1 Ne8 37. Re4 Kf6 38. Ree1 Nd6 39. Rd1 e4 40.
Rxd2 Rxd2 41. Rd1 Nc4 42. Rxd2 Nxd2 43. Be2 Ke5 44. Bb5 f5 45. Bd7 f4 46. gxf4+
Kxf4 47. Kg2 Nf3 48. h5 g5 49. Kf1 Ne5 50. Be6 Kf3 51. Bb3 Ng4 52. Bd1+ Kf4 53.
Bb3 Nf6 54. Bf7 Kf3 55. h6 Ng4 56. Bh5 Kf4 57. Bg6 Nf6 58. Bf7 Kf5 59. Ke2 Ng4
60. Bg8 Kg6 61. Be6 Nf6 62. Ke3 Kxh6 63. Kd4 g4 64. Ke5 Kg5 65. Bc4 h5 0-1

[Event "4NCL/Div1/HKF1-WGR2"]
[Site "Birmingham ENG"]
[Date "2006.03.04"]
[Round "7.4"]
[White "Levitt, Jonathan P"]
[Black "Berzinsh, Roland"]
[Result "1/2-1/2"]
[WhiteElo "2448"]
[BlackElo "2447"]
[PlyCount "53"]
[EventDate "2006.03.04"]
[SourceDate "2006.03.04"]

1. d4 Nf6 2. c4 e6 3. Nc3 Bb4 4. e3 O-O 5. Bd3 c5 6. Nge2 d5 7. a3 cxd4 8. exd4
dxc4 9. Bxh7+ Nxh7 10. axb4 e5 11. b5 exd4 12. Qxd4 Qxd4 13. Nxd4 Nd7 14. O-O
Nb6 15. Be3 Nf6 16. Rfe1 Re8 17. h3 Bd7 18. Ra3 a6 19. bxa6 Rxa6 20. Rxa6 bxa6
21. Ra1 Nbd5 22. Nxd5 Nxd5 23. Rxa6 Nxe3 24. fxe3 Rxe3 25. Ra8+ Kh7 26. Ra7 Be6
27. Rc7 1/2-1/2

[Event "4NCL/Div1/HKF1-WGR2"]
[Site "Birmingham ENG"]
[Date "2006.03.04"]
[Round "7.5"]
[White "Trent, Lawrence"]
[Black "Littlewood, Paul E"]
[Result "1-0"]
[WhiteElo "2423"]
[BlackElo "2366"]
[PlyCount "123"]
[EventDate "2006.03.04"]
[SourceDate "2006.03.04"]

1. e4 e5 2. Nf3 Nc6 3. Bc4 Nf6 4. d4 exd4 5. e5 d5 6. Bb5 Ne4 7. Nxd4 Bd7 8.
Bxc6 bxc6 9. O-O Bc5 10. f3 Ng5 11. Be3 Bb6 12. f4 Ne4 13. Nd2 Nxd2 14. Qxd2 c5
15. Nf3 d4 16. Bf2 Bc6 17. Bh4 Qd5 18. f5 h6 19. Qf4 Qe4 20. Qg3 g5 21. fxg6
Qxg6 22. e6 Qxg3 23. exf7+ Kxf7 24. Ne5+ Ke6 25. Bxg3 Be4 26. Rae1 Bxc2 27. Re2
Ba4 28. Nd3+ Kd7 29. Rf7+ Kc8 30. Ree7 Re8 31. Rxc7+ Bxc7 32. Rxc7+ Kd8 33.
Nxc5 Re7 34. Rxe7 Kxe7 35. Nxa4 Rc8 36. Be5 d3 37. Bc3 Kd6 38. Kf2 Rc4 39. b3
Re4 40. Nb2 Re2+ 41. Kf3 Rc2 42. Bb4+ Kd5 43. Nxd3 Kd4 44. Nf4 Rxa2 45. Bf8 Ra6
46. b4 Kc4 47. Ke4 Rf6 48. Be7 Rf7 49. Bd6 Rd7 50. Ke5 Rd8 51. h4 Rg8 52. h5
Rg5+ 53. Ke4 Rg8 54. Be7 Re8 55. Ng6 Rb8 56. g4 Rb6 57. Kf5 Rb5+ 58. Ne5+ Kd5
59. Ng6 Kc4+ 60. Ke6 Kd3 61. g5 hxg5 62. h6 1-0

[Event "4NCL/Div1/HKF1-WGR2"]
[Site "Birmingham ENG"]
[Date "2006.03.04"]
[Round "7.6"]
[White "Sowray, Peter J"]
[Black "Greet, Andrew N"]
[Result "0-1"]
[WhiteElo "2357"]
[BlackElo "2423"]
[PlyCount "98"]
[EventDate "2006.03.04"]
[SourceDate "2006.03.04"]

1. e4 e5 2. Nf3 Nc6 3. Bb5 a6 4. Ba4 Nf6 5. O-O Be7 6. Re1 b5 7. Bb3 d6 8. c3
O-O 9. h3 Na5 10. Bc2 c5 11. d4 Nd7 12. Nbd2 exd4 13. cxd4 Nc6 14. d5 Nce5 15.
Nh2 Ng6 16. g3 Nf6 17. h4 Qd7 18. Ndf1 Qh3 19. Ne3 Ne5 20. Nf5 Bxf5 21. exf5
Nfg4 22. Nxg4 Nxg4 23. Qf3 Bxh4 24. Bf4 Bf6 25. Bxd6 Bd4 26. Re2 Rfe8 27. Rae1
Rxe2 28. Rxe2 Qh2+ 29. Kf1 Bxf2 30. Rxf2 Nxf2 31. Qxf2 Qh1+ 32. Qg1 Qf3+ 33.
Qf2 Qh1+ 34. Qg1 Qxd5 35. Qxc5 Qh1+ 36. Qg1 Qc6 37. Bc5 Rd8 38. Qe3 Re8 39. Qc3
b4 40. Bxb4 Qh1+ 41. Kf2 Qh2+ 42. Kf1 Qh1+ 43. Kf2 Qh2+ 44. Kf1 h5 45. Qd3 h4
46. Ba4 hxg3 47. Qf3 Re4 48. Bd6 Qh3+ 49. Kg1 Re1+ 0-1

[Event "4NCL/Div1/HKF1-WGR2"]
[Site "Birmingham ENG"]
[Date "2006.03.04"]
[Round "7.7"]
[White "Houska, Jovanka"]
[Black "Rechel, Bernd"]
[Result "0-1"]
[WhiteElo "2355"]
[BlackElo "2416"]
[PlyCount "104"]
[EventDate "2006.03.04"]
[SourceDate "2006.03.04"]

1. e4 c5 2. Nc3 g6 3. g3 Bg7 4. d3 Nc6 5. Be3 d6 6. Qd2 Rb8 7. Bg2 b5 8. Nge2
b4 9. Nd1 Nd4 10. O-O e5 11. Nc1 Ne7 12. c3 bxc3 13. bxc3 Ne6 14. Bh6 Bxh6 15.
Qxh6 f5 16. exf5 Nxf5 17. Qd2 Bb7 18. Ne3 Bxg2 19. Kxg2 Qg5 20. Kh1 O-O 21. Nb3
Nxe3 22. fxe3 Qg4 23. Qg2 c4 24. dxc4 Qxc4 25. Nd2 Qd3 26. c4 Rb2 27. Qd5 Rxf1+
28. Rxf1 Qxd5+ 29. cxd5 Nc7 30. Nc4 Rxa2 31. e4 Ne8 32. Rb1 Ra4 33. Rb8 Kf7 34.
Rb7+ Kf6 35. Rb8 Ke7 36. Rb7+ Kd8 37. Nd2 Ra1+ 38. Nb1 Kc8 39. Rb2 Nf6 40. Kg2
Nxe4 41. Rb4 Ra2+ 42. Kh3 Nf6 43. Nc3 Ra5 44. Rc4+ Rc5 45. Rxc5+ dxc5 46. g4 g5
47. Kg3 Kd7 48. h4 h6 49. hxg5 hxg5 50. Kf3 a6 51. Ke2 c4 52. Kd2 Kd6 0-1

[Event "4NCL/Div1/HKF1-WGR2"]
[Site "Birmingham ENG"]
[Date "2006.03.04"]
[Round "7.8"]
[White "McDonald, Neil R"]
[Black "Crouch, Colin S"]
[Result "1-0"]
[WhiteElo "2374"]
[BlackElo "2365"]
[PlyCount "75"]
[EventDate "2006.03.04"]
[SourceDate "2006.03.04"]

1. e4 c5 2. Nf3 e6 3. Nc3 Nc6 4. Bb5 Nd4 5. O-O Ne7 6. b3 a6 7. Bd3 Ng6 8. Nxd4
cxd4 9. Ne2 d5 10. exd5 Qxd5 11. c4 dxc3 12. dxc3 Ne5 13. Bc2 Qxd1 14. Rxd1 Bc5
15. h3 Bd7 16. c4 Nc6 17. Bb2 f6 18. Ng3 e5 19. Ne4 Bd4 20. Nd6+ Ke7 21. Ba3
Bxa1 22. Nxb7+ Ke8 23. Nd6+ Ke7 24. Rxa1 Nd4 25. Nf5+ Kf7 26. Nxd4 exd4 27. Rd1
Bc6 28. Rxd4 Rad8 29. Bd6 Rhe8 30. Rd2 Re1+ 31. Kh2 h5 32. b4 Rde8 33. Bd1 h4
34. Bf4 R8e4 35. Be3 f5 36. Rd6 Re6 37. Rd4 Rg6 38. Bh5 1-0

[Event "4NCL/Div1/ADS1-3CS1"]
[Site "Birmingham ENG"]
[Date "2006.03.04"]
[Round "7.1"]
[White "Chandler, Murray G"]
[Black "Davies, Nigel R"]
[Result "1/2-1/2"]
[WhiteElo "2537"]
[BlackElo "2521"]
[PlyCount "56"]
[EventDate "2006.03.04"]
[SourceDate "2006.03.04"]

1. e4 e5 2. Nf3 Nc6 3. Bb5 a6 4. Ba4 Nf6 5. O-O Be7 6. Re1 d6 7. Bxc6+ bxc6 8.
d4 exd4 9. Nxd4 Bd7 10. Nc3 O-O 11. Qf3 Re8 12. h3 c5 13. Nf5 Bxf5 14. Qxf5 Qd7
15. Qf3 Qc6 16. Bd2 Bf8 17. Re2 Re6 18. Rae1 Rae8 19. b3 Qb7 20. Qd3 c6 21. Bg5
Nd7 22. f4 f6 23. Bh4 Nb6 24. Bg3 R6e7 25. Bf2 Rd7 26. Qf3 Rde7 27. Rd1 Rf7 28.
Qg4 Na8 1/2-1/2

[Event "4NCL/Div1/ADS1-3CS1"]
[Site "Birmingham ENG"]
[Date "2006.03.04"]
[Round "7.2"]
[White "Haslinger, Stewart G"]
[Black "Mestel, A Jonathan"]
[Result "1/2-1/2"]
[WhiteElo "2426"]
[BlackElo "2491"]
[PlyCount "88"]
[EventDate "2006.03.04"]
[SourceDate "2006.03.04"]

1. e4 c5 2. Nf3 d6 3. d4 Nf6 4. Nc3 cxd4 5. Nxd4 g6 6. Be3 Bg7 7. f3 O-O 8. Qd2
Nc6 9. O-O-O d5 10. exd5 Nxd5 11. Nxc6 bxc6 12. Bd4 e5 13. Bc5 Be6 14. Ne4 Re8
15. h4 h6 16. g4 Qc7 17. g5 h5 18. Qe1 Nf4 19. Bd6 Qb6 20. Bc5 Qc7 21. Qc3 Rad8
22. Ba6 Rd5 23. Rd2 Rxd2 24. Qxd2 Rd8 25. Qb4 Qd7 26. b3 Bh3 27. Rg1 Bg2 28.
Be7 Re8 29. Nf6+ Bxf6 30. Bxf6 Bxf3 31. Bxe5 Rxe5 32. Qxf4 Rf5 33. Qb8+ Kg7 34.
Bd3 Qd4 35. Qg3 Be4 36. Bxe4 Qxe4 37. Kb2 Rf3 38. Qd6 Rf2 39. Rc1 Rg2 40. Qf6+
Kg8 41. Qc3 Rg4 42. Rd1 Qe7 43. Rd4 Rxd4 44. Qxd4 c5 1/2-1/2